Winx Club Quiz Stats

 Plays Quiz not verified by Sporcle

Support Sporcle.
Go Orange.
Score 0/30 Timer 05:00
0 Plays Today
Question Answer % Correct
Winx Club MemberBloom
98.8%
Winx Club MemberStella
97%
Winx Club MemberMusa
96.1%
Winx Club MemberFlora
96%
Winx Club MemberTecna
93.8%
Winx Club MemberLayla; Aisha
91.5%
SpecalistSky
86.3%
PowerDragon Fire
84.5%
PowerMusic
84.2%
SpecalistBrandon
83.4%
Winx Club MemberRoxy
83.3%
PowerSun and Moon
81.3%
VillanIcy
80.4%
PowerNature
80.4%
VillanStormy
79.4%
Question Answer % Correct
SpecalistRiven
78.1%
SpecalistTimmy
78%
VillanDarcy
77.6%
PowerTechnology
75.6%
SpecalistHelia
72.5%
PowerAnimals
70.9%
What magic creatures are the Winx?Fairies
70%
Specalist/WizardNabu
68.3%
PowerMorphix; Waves
64.3%
VillanValtor
61.6%
VillanLord Darkar
55.3%
VillanOgron
30.4%
VillanDuman
26.3%
VillanGantlos
24.4%
VillanAnagan
23.4%

You're not logged in!

Compare scores with friends on all Sporcle quizzes.
OR
Log In

From the Vault

Odd But True Facts XV

by babymonkee

Hopefully this doesn't leave you feeling sour.
Remove Ads.
Support Sporcle.
Get the best of Sporcle when you Go Orange. This ad-free experience offers more features, more stats, and more fun while also helping to support Sporcle. Thank you for becoming a member.

Show Comments

Extras

Created Mar 8, 2011ReportNominate
Tags:club

Top Quizzes Today


Score Distribution

Your Account Isn't Verified!

In order to create a playlist on Sporcle, you need to verify the email address you used during registration. Go to your Sporcle Settings to finish the process.

Report this User

Report this user for behavior that violates our Community Guidelines.

Details: